| 000 | 00603nam a2200253 a 4500 | ||
|---|---|---|---|
| 001 | nice12345678 | ||
| 003 | IN_TiNIC | ||
| 005 | 20260116012136.0 | ||
| 008 | 050524s1976 boma grp 000 0 urd | ||
| 020 |
_a _c100 |
||
| 082 | 0 | 0 |
_a954.035 _bAZA |
| 100 | _aAzad, Abul Kalam | ||
| 245 | _aHamari Azadi | ||
| 260 |
_aBombay _bOrient Longman _c1976 |
||
| 300 | _a506p | ||
| 500 | _aincludes index and biblioraphy | ||
| 505 | 2 | _aBibliography | |
| 650 | _aIndia-Politics | ||
| 650 | _aIndia-Freedom Struggle | ||
| 700 | 1 | _aAzad, Abul Kalam | |
| 902 | _bSRS | ||
| 942 | _cBK | ||
| 999 |
_c5803 _d5803 |
||